| 000 | 00513nam a2200193Ia 4500 | ||
|---|---|---|---|
| 001 | 71104 | ||
| 008 | 160226s9999 xx 000 0 und d | ||
| 020 | _a9781138024366 | ||
| 040 | _cPK-LaUMT | ||
| 082 |
_a 307.1215 _bJEP-F |
||
| 100 | _aJepson, Edward J. | ||
| 245 |
_aFundamentals of plan making _bmethods and techniques _cJepson, Edward J.|Weitz, Jerry |
||
| 260 |
_aLondon,UK: _bRoutledge, _c2016 |
||
| 300 | _a228 p. | ||
| 546 | _aEN | ||
| 650 | _aCity planning | ||
| 700 | _aWeitz, Jerry | ||
| 942 | _cBK | ||
| 999 |
_c83497 _d83497 |
||